The Way of the Carpenter (Record no. 292)

MARC details
000 -CABECERA
campo de control de longitud fija 00795nam a2200241 a 4500
001 - NÚMERO DE CONTROL
campo de control BRCA_355
005 - FECHA Y HORA DE LA ÚLTIMA TRANSACCIÓN
campo de control 20190320202955.0
008 - DATOS DE LONGITUD FIJA--INFORMACIÓN GENERAL
campo de control de longitud fija 900322s1990 nyuaf b 001 0 eng
020 ## - NÚMERO INTERNACIONAL ESTÁNDAR DEL LIBRO
Número Internacional Estándar del Libro 0834802317
040 ## - FUENTE DE LA CATALOGACIÓN
Centro catalogador/agencia de origen DLC
Centro/agencia transcriptor DLC
Centro/agencia modificador DLC
050 #4 - SIGNATURA TOPOGRÁFICA DE LA BIBLIOTECA DEL CONGRESO
Número de clasificación NA1550
Número de documento/Ítem .C63 1990
100 1# - ENTRADA PRINCIPAL--NOMBRE DE PERSONA
Nombre de persona Coaldrake, William Howard.
9 (RLIN) 1182
245 10 - MENCIÓN DE TÍTULO
Título The Way of the Carpenter
Resto del título Tools and Japanese Architecture
Mención de responsabilidad, etc. by William H. Coaldrake.
260 ## - PUBLICACIÓN, DISTRIBUCIÓN, ETC.
Lugar de publicación, distribución, etc. Nueva York
Nombre del editor, distribuidor, etc. Weatherhill
Fecha de publicación, distribución, etc. 1990.
300 ## - DESCRIPCIÓN FÍSICA
Extensión VIII, 204 p., [8] p. de láminas
Otras características físicas il. (algunas a color)
Dimensiones 26 cm.
500 ## - NOTA GENERAL
Nota general Incluye glosario
500 ## - NOTA GENERAL
Nota general Donación Fundación Japón
504 ## - NOTA DE BIBLIOGRAFÍA, ETC.
Nota de bibliografía, etc. Bibliografía: p. 181-191
650 14 - PUNTO DE ACCESO ADICIONAL DE MATERIA--TÉRMINO DE MATERIA
Término de materia o nombre geográfico como elemento de entrada Carpintería
Subdivisión general Herraminetas
Subdivisión geográfica Japón
9 (RLIN) 1183
650 14 - PUNTO DE ACCESO ADICIONAL DE MATERIA--TÉRMINO DE MATERIA
Término de materia o nombre geográfico como elemento de entrada Arquitectura
Subdivisión general Herraminetas
Subdivisión geográfica Japón
9 (RLIN) 1184
902 ## - CATALOGADOR
Iniciales DFJ
942 ## - ELEMENTOS DE PUNTO DE ACCESO ADICIONAL (KOHA)
Fuente del sistema de clasificación o colocación Library of Congress Classification
Tipo de ítem Koha Libros
Holdings
Estado de retiro Estado de pérdida Estado dañado No para préstamo Localización permanente Ubicación/localización actual Fecha de adquisición Total de préstamos Signatura topográfica completa Código de barras Fecha visto por última vez Precio válido a partir de Tipo de ítem Koha
El ejemplar forma parte de la colección y puede ser consultado según las políticas vigentes.       Biblioteca del Museo Franz Mayer (Rogerio Casas-Alatriste) Biblioteca del Museo Franz Mayer (Rogerio Casas-Alatriste) 25/06/2008   NA1550 .C63 1990 DFJ00007 22/03/2019 22/03/2019 Libros